00750pam a2200241 a 4500001000800000005001700008008004100025010001700066020002600083040002300109041000800132060004300140080001100183082001500194100000600209101000900215245004300224504005100267906004500318942001200363999001700375952011600392166982220180822035542.0980303s1998 nyua b 001 0 eng c a 98015924  a0195128753 (hardback) aDNLM/DLCcDLCdDLC aeng10aW1 CO769N v.52 1999aWL 200 W425s 1999 a616.8100a616.812211 a7 aNNEU10aSubarachnoid hemorrhage :cBryce Weir. aIncludes bibliographical references and index. a7bcbccorignewd1eocipf19gy-gencatlg 2ddccBK c47240d47240 00102lcc40708PËKGa002b002cPËKGd2018-08-22l0o616.81 WEIp002-3011425r2018-08-22w2018-08-22yBK